FAO yearbook. (Record no. 18836)

000 -LEADER
fixed length control field 00813cas a2200241 a 4500
040 ## - CATALOGING SOURCE
Transcribing agency VVB
082 00 - DEWEY DECIMAL CLASSIFICATION NUMBER
Classification number 338 FAO 1989 C155 Or.
245 00 - TITLE STATEMENT
Title FAO yearbook.
Remainder of title FAO annuaire. Statistiques des pêches = FAO anuario. Estadísticas de pesca.
246 3# - VARYING FORM OF TITLE
Title proper/short title Food and Agriculture Organization of the United Nations yearbook. Fishery statistics
246 30 - VARYING FORM OF TITLE
Title proper/short title FAO year book.
246 30 - VARYING FORM OF TITLE
Title proper/short title Fishery statistics
246 30 - VARYING FORM OF TITLE
Title proper/short title Statistiques des pêches
246 30 - VARYING FORM OF TITLE
Title proper/short title Estadísticas de pesca
246 31 - VARYING FORM OF TITLE
Title proper/short title FAO annuaire.
246 31 - VARYING FORM OF TITLE
Title proper/short title FAO anuario.
260 ## - PUBLICATION, DISTRIBUTION, ETC. (IMPRINT)
Place of publication Rome :
Name of publisher FAO,
Year of publication 1989-2007.
300 ## - PHYSICAL DESCRIPTION
Number of Pages volumes :
Other physical details color maps ;
Dimensions 29 cm.
490 1# - SERIES STATEMENT
Series statement FAO fisheries series
490 1# - SERIES STATEMENT
Series statement FAO statistics series
650 #0 - SUBJECT ADDED ENTRY--TOPICAL TERM
Topical Term Fisheries
710 2# - ADDED ENTRY--CORPORATE NAME
Corporate name or jurisdiction name as entry element Food and Agriculture Organization of the United Nations.
942 ## - ADDED ENTRY ELEMENTS (KOHA)
Koha item type ADB
952 ## - LOCATION AND ITEM INFORMATION (KOHA)
Withdrawn status [LOCAL, KOHA] 0
Holdings
Source of acquisition Permanent Location Date acquired Koha item type Lost status Shelving location Current Location Full call number
A36376Library Block C2020-01-28ADB C155Library Block C338 FAO 1989 C155 Or.
មជ្ឈមណ្ឌលឯការនៃសាកលវិទ្យាល័យភូមិន្ទកសិកម្មចំការដូង

Powered by Koha